000 00674cam a22002413a 4500
001 10623
003 PGUSA
005 20140828083227.0
008 040101s2004||||xxu|||||s|||||000 | eng d
040 _aPGUSA
_beng
042 _adc
050 4 _aPS
100 1 _aGlaspell, Susan,
_d1876-1948
245 1 0 _aPlays
_h[electronic resource] /
_cSusan Glaspell
260 _bProject Gutenberg,
_c2004
505 0 _aTrifles -- The outside -- The verge -- Inheritors.
506 _aPublic domain in the USA.
516 _aElectronic text
653 _aAmerican drama
830 0 _aProject Gutenberg
_v10623
856 4 0 _uhttp://www.gutenberg.org/ebooks/10623
942 _cEB
999 _c239878
_d239878